Quizzes
Events
Quiz Creation
Community
Videos
Private Events
Remove Ads
Sign In
Join for FREE
Feedback
Dark Mode
Quiz Categories
Sports
Geography
Music
Movies
Television
Just For Fun
Miscellaneous
History
Literature
Language
Science
Gaming
Entertainment
Religion
Holiday
For Kids
Quiz Lab
Recent
Popular Today
Quiz Kudos Today
Editor Picks
Curator Picks
Quizzes by...
Day
Popularity
Type
Ratings
Length
Year
Community
Subscriptions
Recent Discussions
Orange Saloon
Badges
Playlists
Quests
Create
Leaderboards
Showdown
Live 5
Trivia Bingo
Activity
Puzzle Library
Sporcle Events
Private Events
Virtual Trivia
Globe League
Become a Host
Pub Owners
SporcleCon
Opinionation
Our Games
Videos
Blog
Mobile Apps
Partnerships
Remove Ads and Go Orange
Feedback
Sports
Athletes
MLB
NBA
NHL
NFL
Soccer
Sports Teams
WWE
NCAA
Football
Premier League
Basketball
Baseball
Hockey
Golf
Tennis
Cricket
Rugby
Auto Racing
Olympics
World Cup
Sports
Athletes
MLB
NBA
NHL
NFL
Soccer
Sports Teams
WWE
NCAA
Football
Premier League
Basketball
Baseball
Hockey
Golf
Tennis
Cricket
Rugby
Auto Racing
Olympics
World Cup
Random Quiz
Search Sporcle
×
Quiz Lab
Quiz Lab
Sports
NHL
Type in answers that appear in a list
Type in answers that appear in a list
Classic
Best Score? Go Orange.
Hart Trophy (NHL MVP) Voting: 1990-99 Stats
Can you name the players named on at least 10% of the ballots for the Hart Trophy from 1989-90 through 1998-99?
By
EpicWinFTW
5m
47 Questions
957 Plays
957 Plays
957 Plays
Comments
Comments
Give Quiz Kudos
Give Quiz Kudos
-
- Ratings
hide this ad
Replay
Link that replays current quiz
Next Quiz
Link to next quiz in quiz playlist
You Got
0%
They Got
Avg Score
88%
Avg Friend Score
Upgrade to see
Score Distribution
Jump to the score distribution portion of the page
Score
0/47
Timer
05:00
0
Plays Today
Year
Player
% Correct
1990-
91
Wayne Gretzky
99.4%
1989-
90
Mark Messier
99.3%
1991-
92
Mark Messier
99.3%
1992-
93
Mario Lemieux
99.3%
1995-
96
Mario Lemieux
99.3%
1995-
96
Mark Messier
99.3%
1996-
97
Mario Lemieux
99.3%
1994-
95
Jaromir Jagr
98.6%
1995-
96
Jaromir Jagr
98.6%
1997-
98
Jaromir Jagr
98.6%
1998-
99
Jaromir Jagr
98.6%
1993-
94
Dominik Hasek
97.7%
1994-
95
Dominik Hasek
97.7%
1996-
97
Dominik Hasek
97.7%
1997-
98
Dominik Hasek
97.7%
1998-
99
Dominik Hasek
97.7%
1994-
95
Eric Lindros
97.1%
1995-
96
Eric Lindros
97.1%
1998-
99
Eric Lindros
97.1%
1989-
90
Brett Hull
95.2%
1990-
91
Brett Hull
95.2%
1991-
92
Brett Hull
95.2%
1996-
97
Teemu Selanne
94.5%
1997-
98
Teemu Selanne
94.5%
Year
Player
% Correct
1998-
99
Teemu Selanne
94.5%
1995-
96
Joe Sakic
93.2%
1991-
92
Patrick Roy
92.5%
1993-
94
Patrick Roy
92.5%
1996-
97
Martin Brodeur
92.5%
1997-
98
Martin Brodeur
92.5%
1993-
94
Sergei Fedorov
91%
1995-
96
Sergei Fedorov
91%
1996-
97
Paul Kariya
90.4%
1989-
90
Ray Bourque
89.8%
1998-
99
Peter Forsberg
89%
1992-
93
Doug Gilmour
81.5%
1993-
94
Doug Gilmour
81.5%
1990-
91
Ed Belfour
79%
1996-
97
John LeClair
76.3%
1992-
93
Pat LaFontaine
75.9%
1992-
93
Adam Oates
70.7%
1998-
99
Curtis Joseph
69%
1998-
99
Alexei Yashin
68.9%
1993-
94
John Vanbiesbrouck
66.5%
1991-
92
Kirk McLean
54.2%
1994-
95
Paul Coffey
44.8%
1995-
96
Grant Fuhr
34.5%
Quiz Playlist
Details
Report
Send in Message
Add To Playlist
Classic:
Type in answers that appear in a list
Last Updated: Feb 16, 2017
Quiz Scoreboard
CHALLENGE
Sign Up to Join the Scoreboard
Show All
Scores
Hide
Comments
May contain spoilers
Recently Published
An Introduction to Baseball
by treessimontrees
Sports
5m
Movies - When Are They Set?
by FPL_Elf
Movies
5m
Popular People in 1961
by mucciniale
History
6m
More to Explore
Quiz From the Vault
Featured Blog Post
Where Did the Easter Bunny Come From?
hide this ad
You Might Also Like...
Tags
NHL Quiz
Hart Trophy
MVP
MVP Awards
MVP Voting
MVP Winners
Today's Top Quizzes in Sports
Browse Sports
hide this ad
Today's Top Quizzes in NHL
Browse NHL
Top Contributed Quizzes in Sports
1
Les meilleurs buteurs des matchs entre le PSG et l’OM
2
2022 World Cup Stars
3
FIFA Club World Cup Champions
4
Les entraîneurs de l'OM et du PSG au 21e siècle
5
Name the Premier League winners with different clubs
6
La finale Lions - Afrique du Sud 2021
7
Les joueurs passés par le LOSC et le RC Lens
8
Criteria MLB: Left Handed Sluggers
9
Players with Multiple 50 Home Run Seasons
10
5-to-1: UK Sports Teams
Explore More
Trending Topics
Marvel
Crossword
Harry Potter
Disney
NBA
Kpop
Anime
Puzzle
Pokémon
The Office
Soccer
WWE
Country
Song
NFL
hide this ad
More By:
EpicWinFTW
Quiz
Plays
Rating
Category
Featured
Created
200 Most Popular MLB Players Ever (Baseball-Reference)
11,504
4.17
Sports
Jul 19, 2011
Hart Trophy (NHL MVP) Voting: 2000-09
3,516
4.82
Sports
Mar 25, 2011
2014 FIFA World Cup Nations by Population
3,191
4.27
Sports
Dec 1, 2013
NFL Top 100 Yards from Scrimmage
2,829
4.27
Sports
Feb 6, 2011
2011 Stanley Cup Finals Rosters
2,187
4.71
Sports
Jun 15, 2011
Go to Creator's Profile
Score Distribution
Quiz Creator Spotlight
EpicWinFTW
Follow
Send a Message
Quizzes Created
-
Created Quiz Play Count
-
More By This Creator
Popular Quizzes Today
1
Find the Countries of Europe - No Outlines Minefield
2
Find the US States - No Outlines Minefield
3
The Countries of the World
4
Popular People in 1961
5
US States
6
Find the US States
7
1-10 Letter E Words III
8
Risky Map Clicking: Biggest States A-Z
More Sports Quizzes
Leeds United's Number 1's
Quiz Lab
Trending Quizzes
Risky Map Clicking: Least Populous States A-Z
1-10 Letter F Words
1-10 Letter G Words
Not Quite an Element Typing Challenge
One Thing in Common: United Kingdom
Recently Updated
Leaping Animals
pecheneg
Reality TV Shows (A-Z)
bhenderson79
Rickey Henderson's Hall of Fame Teammates
pecheneg
Champions League XIs: Arsenal
pecheneg
Quick Pick: Celebrities in WWE's Hall of Fame
aduchscher
A-Z Keypad Blitz II
pecheneg
Multiple Oscar Actors
pecheneg
Mystery Phrase Blitz: Oscar 'Best Actors'
pecheneg
F. Scott Fitzgerald Novels
LTH
Pick 3 Villains
ddd62291
Trending Topics
Marvel
Anime
Disney
Crossword
Harry Potter
NBA
Kpop
Soccer
Song
The Office
Puzzle
Pokémon
WWE
NFL
Country
Your Account Isn't Verified!
In order to create a playlist on Sporcle, you need to verify the email address you used during registration. Go to your
Sporcle Settings
to finish the process.
Report this User
Report this user for behavior that violates our
Community Guidelines
.
Details:
Send Report
Go to the Sporcle.com Mobile Site →
Comments